Տիեզերական սեր : (Record no. 525132)
[ view plain ]
| 000 -LEADER | |
|---|---|
| fixed length control field | 00925nam a2200217 a 4500 |
| 003 - CONTROL NUMBER IDENTIFIER | |
| control field | AM-YEHGA |
| 005 - DATE AND TIME OF LATEST TRANSACTION | |
| control field | 20250618080056.0 |
| 008 - FIXED-LENGTH DATA ELEMENTS--GENERAL INFORMATION | |
| fixed length control field | 201005s2020 ai o|||gr|||||000|p|arm|| |
| 020 ## - INTERNATIONAL STANDARD BOOK NUMBER | |
| International Standard Book Number | 9789939703619 |
| 040 ## - CATALOGING SOURCE | |
| Original cataloging agency | AM-YeHGA |
| 041 0# - LANGUAGE CODE | |
| Language code of text/sound track or separate title | arm |
| 001 - CONTROL NUMBER | |
| control field | 1708515 |
| 090 ## - LOCALLY ASSIGNED LC-TYPE CALL NUMBER (OCLC); LOCAL CALL NUMBER (RLIN) | |
| -- | 532335 |
| 100 1# - MAIN ENTRY--PERSONAL NAME | |
| Personal name | Մարգարյան, Սամվել Սիրեկանի |
| 9 (RLIN) | 8830 |
| 245 10 - TITLE STATEMENT | |
| Title | Տիեզերական սեր : |
| Remainder of title | Բանաստեղծություններ / |
| Statement of responsibility, etc. | Ս.Ս. Մարգարյան ; Առաջաբան՝ Ս. Հայրապետյան, Թ. Մելիքյան ; [Խմբագիր՝ Գ. Մկրտչյան]. |
| 260 ## - PUBLICATION, DISTRIBUTION, ETC. | |
| Place of publication, distribution, etc. | Երևան : |
| Name of publisher, distributor, etc. | «Վան Արյան», |
| Date of publication, distribution, etc. | 2020. |
| 300 ## - PHYSICAL DESCRIPTION | |
| Extent | 166 էջ : |
| Other physical details | լուսանկարներ ; |
| Dimensions | 20 սմ. |
| 500 ## - GENERAL NOTE | |
| General note | Գրքի շապիկի նկարները՝ Սամվել Լաճիկյանի («Երկնային սեր») և Վալմարի («Սիրո երգը»): |
| 650 14 - SUBJECT ADDED ENTRY--TOPICAL TERM | |
| Topical term or geographic name entry element | Հայ պոեզիա |
| 942 ## - ADDED ENTRY ELEMENTS (KOHA) | |
| Source of classification or shelving scheme | Universal Decimal Classification |
| Koha item type | Գրքեր / Books |
| Withdrawn status | Lost status | Source of classification or shelving scheme | Damaged status | Not for loan | Collection | Home library | Current library | Date acquired | Total checkouts | Full call number | Barcode | Date last seen | Price effective from | Koha item type | Public note |
|---|---|---|---|---|---|---|---|---|---|---|---|---|---|---|---|
| Universal Decimal Classification | General | Fundamental Scientific Library | Fundamental Scientific Library | 14/03/2022 | AII/108439 | FL0675198 | 14/03/2022 | 14/03/2022 | Գրքեր / Books | 30 Days Loan |
ՀՀ Գիտությունների ազգային ակադեմիայի հիմնարար գիտական գրադարան = Fundamental Scientific Library of NAS RA
All site content, except where otherwise noted, is licensed under a